| 000 | 01092nac a22003617a 4500 | ||
|---|---|---|---|
| 001 | BR8202090 | ||
| 003 | BR-BrBNA | ||
| 005 | 20240105115305.0 | ||
| 008 | 230509b bl.|||m| |||| 00| 0 por d | ||
| 040 |
_aBR-BrBNA _bpor _cBiblioteca Nacional de Agricultura |
||
| 072 | _aE70 | ||
| 090 | _a3575 BR8202090 | ||
| 110 | 1 |
_aInstituto Brasileiro de Economia, Rio de Janeiro, RJ. Centro de Estudos Agricolas _95764 |
|
| 245 | 1 | _aPrecos pagos pelos agricultores. Medias mensais 1981, medias anuais 1980/1981 [Brasil] | |
| 260 | 3 |
_aRio de Janeiro, RJ (Brasil): _c1982. |
|
| 300 | _a114 p. | ||
| 490 |
_aPrecos Pagos pelos Agricultores (Brazil) _v _x |
||
| 500 | _aNumerical data | ||
| 650 | _aPRECO PAGO | ||
| 650 | _aSEMENTE | ||
| 650 | _aMUDA | ||
| 650 | _aNUTRICAO ANIMAL | ||
| 650 | _aSUPLEMENTO ALIMENTAR | ||
| 650 | _aFERTILIZANTE | ||
| 650 | _aDEFENSIVO | ||
| 650 | _aVACINA | ||
| 650 | _aDESINFETANTE | ||
| 650 | _aCOMBUSTIVEL | ||
| 650 | _aLUBRIFICANTE | ||
| 650 | _aMAQUINA AGRICOLA | ||
| 909 |
_a202312 _bLúcia Elande _c55 _dLúcia Elande |
||
| 942 |
_2AGRIS _n0 _cMS |
||
| 999 |
_c274099 _d274099 |
||